[Event "Masdenverge op 6th"]
[Site "Masdenverge"]
[Date "2017.07.02"]
[Round "7"]
[White "Ferre Fornos, J Enric"]
[Black "Onate Mesa, Carles"]
[Result "1-0"]
[WhiteElo "1893"]
[BlackElo "1687"]
[PlyCount "103"]
[EventDate "2017.06.30"]
[EventType "swiss"]
[EventRounds "7"]
[EventCountry "ESP"]
[SourceTitle "EXT 2019"]
[Source "ChessBase"]
[SourceDate "2018.10.10"]
[SourceVersion "1"]
[SourceVersionDate "2018.10.10"]
[SourceQuality "1"]

1. e4 d6 2. d4 g6 3. f4 Bg7 4. Nf3 a6 5. Bd3 Nc6 6. c3 Nh6 7. 0-0 f5 8. e5 dxe5 9. dxe5 e6 10. Qe2 Nf7 11. Be3 Ne7 12. Na3 0-0 13. Rad1 Qe8 14. Bc4 c6 15. Bb3 b5 16. Bc5 a5 17. Rd2 a4 18. Bc2 Nd8 19. Nd4 Rf7 20. Bxe7 Qxe7 21. Rfd1 Bb7 22. Nf3 Rf8 23. Bb1 b4 24. cxb4 Qxb4 25. Qc4 c5 26. Qxb4 cxb4 27. Nc4 Bxf3 28. gxf3 Nf7 29. Kf2 Rad8 30. Rxd8 Rxd8 31. Rxd8+ Nxd8 32. Bc2 Bh6 33. Kg3 Nc6 34. Bxa4 Nd4 35. Bd1 Kf8 36. a4 Ke8 37. a5 Kd8 38. Nd6 Kc7 39. Nf7 Bf8 40. Kf2 Bc5 41. Ke1 Nc6 42. Ng5 Nd8 43. Kd2 h6 44. Nh7 Nc6 45. a6 Kb6 46. Be2 Nb8 47. Bc4 Nxa6 48. Bxe6 Bd4 49. b3 Bc3+ 50. Ke2 Nc5 51. Bc4 Kc6 52. h4 1-0

[Event "Amposta Balague Memorial 2nd"]
[Site "Amposta"]
[Date "2015.07.16"]
[Round "4"]
[White "Onate Mesa, Carles"]
[Black "Biosca Caballe, Nestor"]
[Result "1/2-1/2"]
[WhiteElo "1843"]
[BlackElo "2015"]
[PlyCount "38"]
[EventDate "2015.07.15"]
[EventType "swiss"]
[EventRounds "9"]
[EventCountry "ESP"]
[SourceTitle "CBM 167 Extra"]
[Source "ChessBase"]
[SourceDate "2015.09.14"]
[SourceVersion "1"]
[SourceVersionDate "2015.09.14"]
[SourceQuality "1"]

1. b3 Nf6 2. Bb2 g6 3. Nf3 Bg7 4. c4 c6 5. e3 0-0 6. Be2 d5 7. d4 dxc4 8. Bxc4 c5 9. 0-0 cxd4 10. Qxd4 Nc6 11. Qxd8 Rxd8 12. Na3 a6 13. Ne5 Nxe5 14. Bxe5 b5 15. Be2 Bb7 16. Rfd1 Rac8 17. Rxd8+ Rxd8 18. Rd1 Rxd1+ 19. Bxd1 Be4 1/2-1/2